11th International Conference of J. Selye University Pedagogical Sections

Salvato in:
Dettagli Bibliografici
Enti autori: 11. International Conference of J. Selye University. Conference, Univerzita Jánosa Selyeho v Komárne
Altri autori: Bukor, József, Nagy, Melinda, Pukánszki, Béla István, Csehiová, Agáta, Józsa, Krisztián, Horváth, Kinga, Orsovics, Yvette, Puskás, Andrea
Natura: Libro
Lingua:slovacco
inglese
ungherese
Pubblicazione: Komárno Univerzita Jána Selyeho 2019
Edizione:1st Edition
Soggetti:
Tags: Aggiungi Tag
Nessun Tag, puoi essere il primo ad aggiungerne!!

MARC

LEADER 00000nlm a2200000 4500
001 0260212
005 20240822101707.7
020 |a 978-80-8122-333-4 
041 0 |a slo 
041 0 |a eng 
041 0 |a hun 
044 |a SK 
245 1 0 |a 11th International Conference of J. Selye University  |b Pedagogical Sections  |c Editors: József Bukor, Melinda Nagy, Béla István Pukánszki, Agáta Csehiová, Krisztián Józsa 
250 |a 1st Edition 
264 1 |a Komárno  |b Univerzita Jána Selyeho  |c 2019 
300 |a 270 s. 
610 2 0 |a pedagogika 
610 2 0 |a školstvo 
610 2 0 |a štúdium vysokoškolské 
700 1 |a Bukor, József 
700 1 |a Nagy, Melinda 
700 1 |a Pukánszki, Béla István 
700 1 |a Csehiová, Agáta 
700 1 |a Józsa, Krisztián 
700 1 |a Horváth, Kinga 
700 1 |a Orsovics, Yvette 
700 1 |a Puskás, Andrea 
110 2 |a 11. International Conference of J. Selye University. Conference 
710 2 |a Univerzita Jánosa Selyeho v Komárne